000 00285nam a22001217a 4500
008 181102b xxu||||| |||| 00| 0 eng d
041 _aeng
080 _210th
_a610
100 _a4
101 _aSHM
245 _aControl of Communicable Diseases in Man
_cGordon,J.E
942 _2udc
_cBK
999 _c51696
_d51696